UBT Library

Sociology : (Record no. 40166)

000 -LEADER
fixed length control field 00754cam a2200229 a 4500
001 - CONTROL NUMBER
control field 2581617
005 - DATE AND TIME OF LATEST TRANSACTION
control field 20180112040309.0
008 - FIXED-LENGTH DATA ELEMENTS--GENERAL INFORMATION
fixed length control field 961023s1997 cau b 000 0 eng
010 ## - LIBRARY OF CONGRESS CONTROL NUMBER
LC control number 96045391
020 ## - INTERNATIONAL STANDARD BOOK NUMBER
International Standard Book Number 0761985190 (acidfree, recycled paper)
040 ## - CATALOGING SOURCE
Original cataloging agency DLC
Transcribing agency DLC
Modifying agency DLC
041 ## - LANGUAGE CODE
Language code of text/sound track or separate title eng
080 ## - UNIVERSAL DECIMAL CLASSIFICATION NUMBER
Universal Decimal Classification number 301 NEW
082 00 - DEWEY DECIMAL CLASSIFICATION NUMBER
Classification number 301 NEW
Edition number 21
100 ## - Rafti
Rafti 50
101 ## - Shkurtesa
Shkurtesa SOC
245 00 - TITLE STATEMENT
Title Sociology :
Statement of responsibility, etc [edited by] David M. Newman.
504 ## - BIBLIOGRAPHY, ETC. NOTE
Bibliography, etc Includes bibliographical references.
906 ## - LOCAL DATA ELEMENT F, LDF (RLIN)
a 7
b cbc
c orignew
d 1
e ocip
f 19
g y-gencatlg
942 ## - ADDED ENTRY ELEMENTS (KOHA)
Source of classification or shelving scheme
Item type Books
Holdings
Withdrawn status Lost status Source of classification or shelving scheme Damaged status Not for loan Collection code Permanent location Current location Shelving location Date acquired Total Checkouts Full call number Barcode Date last seen Price effective from Koha item type
          Koleksioni i përgjithshem UBT - Lipjan UBT - Lipjan Koleksioni i përgjithshem 01/12/2018   301 NEW 002-2994946 01/12/2018 01/12/2018 Books
UBT Library © 2015-2024. All rights reserved University Education for Business and Technology